Countries and Empires that ruled India - Statistics

General Stats
  • This quiz has been taken 58 times
    46 since last reset
  • The average score is 7 of 62
Answer Stats
Reign Country / Empire % Correct
1526 – 1739 Mughal Empire
81%
1739 – 1857 Mughal Empire
81%
240 AD – 550 AD Gupta Empire
57%
1757 – 1874 British Empire
51%
1874 – 1947 British Raj
49%
1206 – 1526 Delhi Sultanate
46%
1947 – present Republic of India
43%
848 AD – 1279 CE Chola Empire
32%
322 BC – 185 BC Maurya Empire
30%
1799 – 1849 Sikh Empire
30%
1674 – 1818 Maratha Empire
24%
550 BC – 330 BC Achaemenid Empire
19%
1370 – 1507 Timurid Empire
19%
661 AD – 750 AD Umayyad Caliphate
16%
977 AD – 1186 CE Ghaznavid Empire
14%
1336 – 1646 Vijayanagara Empire
14%
786 AD – 1215 CE Ghurid Empire
11%
30 AD – 375 AD Kushan Empire
11%
330 BC – 150 BC Macedonian Empire
11%
345 BC – 322 BC Nanda Empire
11%
1739 Afsharid Empire
8%
1347 – 1527 Bahmani Sultanate
8%
1490 – 1636 Ahmednagar Sultanate
5%
1490 – 1686 Bijapur Sultanate
5%
1518 – 1687 Golconda Sultanate
5%
200 BC – 10 AD Indo-Greek Kingdom
5%
1451 – 1526 Lodi dynasty
5%
750 AD – 1161 CE Pala Empire
5%
228 BC – 224 AD Satavahana dynasty
5%
1538 – 1556 Sur Empire
5%
544 BC – 413 BC Haryanka dynasty
3%
440 AD – 560 AD Hephthalites
3%
19 AD – 226 AD Indo-Parthian Kingdom
3%
150 BC – 400 AD Indo-Scythian Kingdom
3%
3300 BC – 1300 BC Indus Valley Civilisation
3%
1500 BC – 600 BC Janapadas
3%
1290 – 1562 Khalji dynasty
3%
600 BC – 345 BC Mahajanapadas
3%
1320 – 1430 Tughlaq dynasty
3%
1700 BC – 1100 BC Vedic Period
3%
35 AD – 415 AD Western Satraps
3%
203 AD – 370 AD Abhira dynasty
0%
370 AD – 670 AD Alchon Huns
0%
1500 BC – 682 BC Brihadratha dynasty
0%
543 AD – 1184 CE Chalukya Empire
0%
493 AD – 1436 CE Eastern Ganga dynasty
0%
1072 – 1237 Gahadavala dynasty
0%
843 AD – 1026 CE Hindu Shahis
0%
1163 – 1323 Kakatiya dynasty
0%
1572 – 1856 Kingdom of Awadh
0%
1200 BC – 500 BC Kuru Kingdom
0%
544 BC – 467 AD Magadha Empire
0%
275 AD – 897 AD Pallava dynasty
0%
400 BC – 1618 CE Pandyan dynasty
0%
682 BC – 544 BC Pradyota dynasty
0%
510 AD – 1036 CE Pratihara dynasty
0%
413 BC – 345 BC Shishunaga dynasty
0%
1724 – 1948 State of Hyderabad
0%
550 – 950 AD Taank Kingdom
0%
250 AD – 510 AD Vakataka dynasty
0%
350 AD – 1000 AD Western Ganga dynasty
0%
1187 – 1317 Yadava dynasty
0%
No matching quizzes found
Score Distribution
Percent of People with Each Score
Percentile by Number Answered
Your Score History
You have not taken this quiz since the last reset